The Political economy of EEC relations with african caribbean and pacific states /

Guardat en:
Dades bibliogràfiques
Autor principal: Long, Frank
Altres autors: ed.
Format: Text
Publicat: Nueva York: Pergamon Press
Etiquetes: Afegir etiqueta
Sense etiquetes, Sigues el primer a etiquetar aquest registre!

MARC

LEADER 00000 a a2200000 04500
001 23031
003
040
020 |a 0-80-024077-1  
090 |a 158700  
100 |a Long, Frank  
245 |a The Political economy of EEC relations with african caribbean and pacific states /  |c Frank Long 
260 |a Nueva York:   |b Pergamon Press  
300 |a 193 p.  
700 |a ed.  
999 |c 7853  |d 7853